|
|
|
|
| LEADER |
02016nam a2200481 i 4500 |
| 001 |
EBC4789132 |
| 003 |
MiAaPQ |
| 005 |
20200520144314.0 |
| 006 |
m o d | |
| 007 |
cr cnu|||||||| |
| 008 |
170623s2017 nyua ob 001 0 eng|d |
| 020 |
|
|
|z 9781785335884 (hardback : alk. paper)
|
| 020 |
|
|
|a 9781785335891 (e-book)
|
| 035 |
|
|
|a (MiAaPQ)EBC4789132
|
| 035 |
|
|
|a (Au-PeEL)EBL4789132
|
| 035 |
|
|
|a (CaPaEBR)ebr11430347
|
| 035 |
|
|
|a (CaONFJC)MIL1032172
|
| 035 |
|
|
|a (OCoLC)992437483
|
| 040 |
|
|
|a MiAaPQ
|b eng
|e rda
|e pn
|c MiAaPQ
|d MiAaPQ
|
| 043 |
|
|
|a e-gx---
|a e------
|
| 050 |
|
4 |
|a HG922
|b .M665 2017
|
| 082 |
0 |
|
|a 332.4/943
|2 23
|
| 245 |
0 |
0 |
|a Money in the German-speaking lands /
|c edited by Mary Lindemann and Jared Poley.
|
| 264 |
|
1 |
|a New York :
|b Berghahn Books,
|c 2017.
|
| 300 |
|
|
|a 1 online resource (328 pages) :
|b illustrations (some color).
|
| 336 |
|
|
|a text
|2 rdacontent
|
| 337 |
|
|
|a computer
|2 rdamedia
|
| 338 |
|
|
|a online resource
|2 rdacarrier
|
| 490 |
1 |
|
|a Spektrum: publications of the German Studies Association ;
|v volume 17
|
| 504 |
|
|
|a Includes bibliographical references and index.
|
| 588 |
|
|
|a Description based on print version record.
|
| 590 |
|
|
|a Electronic reproduction. Ann Arbor, MI : ProQuest, 2016. Available via World Wide Web. Access may be limited to ProQuest affiliated libraries.
|
| 650 |
|
0 |
|a Money
|z Europe, German-speaking
|x History.
|
| 650 |
|
0 |
|a Money
|z Germany
|x History.
|
| 651 |
|
0 |
|a Europe, German-speaking
|x History.
|
| 651 |
|
0 |
|a Germany
|x History.
|
| 655 |
|
4 |
|a Electronic books.
|
| 700 |
1 |
|
|a Lindemann, Mary,
|e editor.
|
| 700 |
1 |
|
|a Poley, Jared,
|d 1970-
|e editor.
|
| 776 |
0 |
8 |
|i Print version:
|t Money in the German-speaking lands.
|d New York : Berghahn Books, 2017
|k Spektrum: publications of the German Studies Association ; volume 17
|z 9781785335884
|
| 797 |
2 |
|
|a ProQuest (Firm)
|
| 830 |
|
0 |
|a Spektrum (New York, N.Y.) ;
|v volume 17.
|
| 856 |
4 |
0 |
|u https://ebookcentral.proquest.com/lib/matrademy/detail.action?docID=4789132
|z Click to View
|